Lateinische Schlangennamen - Statistiken

Allgemein
  • Dieses Quiz wurde 30 mal gespielt
  • Das Durchschnittsergebnis liegt bei 13 aus 30
Antwortstatistiken
deutsch latein % Korrekt
Königspython Python regius
85%
Abgottschlange Boa constrictor
77%
Brillenschlange Naja naja
69%
Ringelnatter Natrix natrix
62%
Mangroven-Nachtbaumnatter Boiga dendrophila
54%
Wüsten-Hornviper Cerastes cerastes
54%
Grüne Anakonda Eunectes murinus
54%
Westliche Hakennasennatter Heterodon nasicus
54%
Kalifornische Kettennatter Lampropeltis californiae
54%
Teppichpython Morelia spilota
54%
Grüner Baumpython Morelia viridis
54%
Barren Ringelnatter Natrix helvetica
54%
Kornnatter Pantherophis guttatus
54%
Kreuzotter Vipera berus
54%
Netzpython Malayopython reticulatus
46%
Südliche Madagaskarboa Acrantophis dumerili
38%
Schönnatter Elaphe taeniura
38%
Monokelkobra Naja kaouthia
38%
Nördliche Madagaskarboa Acrantophis madagascariensis
31%
Gartenboa Corallus hortulanus
31%
Vierstreifennatter Elaphe quatuorlineata
31%
Dunkler Tigerpython Python bivittatus
31%
Ägyptische Sandboa Eryx colubrinus
23%
Gelbe Anakonda Eunectes notaeus
23%
Mandarinnatter Euprepiophis mandarinus
23%
Paraguay Regenbogenboa Epicrates cenchria crassus
15%
Braune Regenbogenboa Epicrates maurus
15%
Kükennatter Pantherophis obsoletus
15%
Heller Tigerpython Python molurus
15%
Grüner Baumschlinger Dispholidus typus
8%
Keine übereinstimmenden Quizze gefunden
Verteilung der Resultate
Anzahl Personen mit jedem Resultat
Perzentil nach korrekt beantworteten Fragen
Ihre Resultats-Entwicklung
Sie haben dieses Quiz noch nicht gespielt